| 000 | 00462nam a22001697a 4500 | ||
|---|---|---|---|
| 003 | BD-ChCU | ||
| 005 | 20251228100525.0 | ||
| 008 | 251228b bg ||||| |||| 00| 0 ben d | ||
| 040 | _cBD-ChCU | ||
| 082 | _a510 STM | ||
| 100 |
_aStrain, Margaret. _918361 |
||
| 245 |
_aMathematical methods for technologists. _cMargaret, Strain. |
||
| 260 |
_aLondon. _bEnglish Univ. Pub _c1961 |
||
| 300 | _aviii, 585p | ||
| 650 | 0 |
_aMathematics. _918364 |
|
| 942 |
_2ddc _cBK _n0 |
||
| 999 |
_c110565 _d110565 |
||